Star Wars : Luke Skywalker - Statistiques

Statistiques générales
  • Ce quiz a été pris 91 fois
  • Le résultat moyen est 16 sur 20
Statistiques - réponses
Hint Réponse % Correct
Son père Son père Anakin Skywalker / Dark Vador
100%
La couleur de son premier sabre laser Couleur de son premier sabre Bleu
99%
Sa soeur Sa soeur Leia Organa
99%
Ses deux mentors jedi Premier Obi-Wan Kenobi
99%
Sa mère Sa mère Padmé Amidala
99%
Ses deux mentors jedi Deuxième Yoda
95%
Partie de son corps manquante Partie de corps manquante Sa main droite
94%
La planète de son enfance Planète de son enfance Tatooine
94%
Le modèle de son vaisseau spatial Modèle de son vaisseau spatial X-Wing Starfighter
90%
Son neveu Son neveu Ben Solo / Kylo Ren
87%
Son meilleur ami Son meilleur ami Han Solo
84%
Premier film d'apparition Premier film d'apparition Un nouvel espoir
84%
La planète de son entrainement Jedi Planète de son entrainement Jedi Dagobah
81%
Métier de son oncle et tante Métier de son oncle et tante Fermier
81%
Son métier de rêve initial Métier de rêve initial Pilote de vaisseau
78%
Son oncle Son oncle Owen Lars
74%
Dernier film d'apparition Dernier film d'apparition Les Derniers Jedi
64%
Acteur l'interprétant dans les films Acteur l'interprétant Mark Hamill
64%
Sa tante Sa tante Beru Whitesun
44%
La planète de son exil La planète de son exil Ahch-To
27%
Aucun quiz correspondant
Distribution des résultats
% des personnes avec chaque résultat
Percentile par nombre de réponses
Votre historique - résultats
Vous n’avez pas pris ce quiz